000 00278nam a2200121Ia 4500
008 191201s2018 xx 000 0 und d
100 _aHALSALL,Fred
245 0 _aMultimedia Communication
260 _bPearson
_c2018
300 _a1056
650 _aB.Tech(IT)
942 _2ddc
_cBK
999 _c6903
_d6903